U.S. Cities Chain #2 - Statistics

General Stats
  • This quiz has been taken 953 times
  • The average score is 13 of 24
Answer Stats
Hint Answer % Correct
Theme park hub of Florida Orlando
98%
Where JFK was shot Dallas
91%
Bay area city Oakland
81%
Southernmost point in Florida Key West
80%
Theme park hub of California Anaheim
79%
Has most-visited zoo in the country San Diego
76%
Grand Ole Opry House hosts country music here Nashville
69%
Mount Rainier can be seen from this capital Olympia
67%
Casino town that inspired Monopoly board streets Atlantic City
65%
Largest majority-Hispanic city in country San Antonio
63%
Where you might visit the World of Coca-Cola Atlanta
62%
Largest city in the three northernmost New England states Manchester
53%
Eastern capital on a bay Annapolis
49%
Lost city of gold, or town in Arkansas El Dorado
45%
Wright Brothers' home Dayton
42%
World's largest naval station Norfolk
42%
State capital home to the "Spiders" of college sports Richmond
42%
"Oil Capital of the World" on the Arkansas river Tulsa
41%
University of Alabama is located here Tuscaloosa
41%
Rhode Island town with mansions Newport
37%
Site of a famous surrender Yorktown
31%
"City" on the Bering Sea Nome
30%
Menlo Park locale Edison
22%
Snowbasin Ski resort here was used for 2002 Olympics Ogden
21%
No matching quizzes found
Score Distribution
Percent of People with Each Score
Percentile by Number Answered
Your Score History
You have not taken this quiz